Nehnuteľnosti a DPH v Slovenskej republike

Základné pravidlá v oblasti dane z pridanej hodnoty, ktoré dnes platia pri transakciách s nehnuteľnosťami na Slovensku so zameraním na dodanie stavby a prevod nehnuteľnosti. Dodanie stavby na pozemku zákazníka. Dodanie stavby vrátane pozemku, na ktorom stavba stojí. Dodanie pozemku. Dodanie stavby p...

Descripción completa

Guardado en:
Detalles Bibliográficos
Autor principal: Bisová, Karin
Formato: Capítulo de libro
Lenguaje:eslovaco
Materias:
Etiquetas: Agregar Etiqueta
Sin Etiquetas, Sea el primero en etiquetar este registro!

MARC

LEADER 00000nla$a2200000$$$4500
001 0068542
005 20240502071829.7
041 0 |a slo 
044 |a SK 
245 1 0 |a Nehnuteľnosti a DPH v Slovenskej republike  |c Karin Bisová 
520 |a Základné pravidlá v oblasti dane z pridanej hodnoty, ktoré dnes platia pri transakciách s nehnuteľnosťami na Slovensku so zameraním na dodanie stavby a prevod nehnuteľnosti. Dodanie stavby na pozemku zákazníka. Dodanie stavby vrátane pozemku, na ktorom stavba stojí. Dodanie pozemku. Dodanie stavby pre zákazníka z iného členského štátu alebo z tretieho štátu. 
610 2 0 |a nehnuteľnosti 
610 2 0 |a stavby 
610 2 0 |a pozemky 
610 2 0 |a legislatíva 
610 2 0 |a dane z hodnoty pridanej 
610 2 0 |a daňovníci 
610 2 0 |a zmluvy o dielo 
610 2 0 |a zmluvy obchodné 
610 2 0 |a Slovensko 
100 1 |a Bisová, Karin